Наш перворозум Григорій Сковорода на портреті і в житті (Запис № 314930)

МАРК-запис
000 -Лідер
fixed length control field 00708nam a22002417a 4500
003 - Ідентифікатор контрольного номера
control field UA-OsUOA
001 - Контрольний номер
control field 28561
007 - Фіксоване поле фізичного опису
fixed length control field ta
008 - Елементи даних фіксованої довжини – загальна інформація
fixed length control field 20050408b un ||||| |||| 00| 0 ukr d
090 ## - Локальний шифр розміщення
Класифікаційний індекс УДК 82.09(477)
Авторський знак (НП) Н37
040 ## - Джерело каталогізації
Агенція оригінальної каталогізації UA-OsUOA
Мова каталогізації ukr
Агенція, яка здійснювала перезапис UA-OsUOA
Агенція, яка здійснювала модифікацію UA-OsUOA
041 ## - Код мови
Код мови тексту/ звукової доріжки чи окремого заголовка (П) ukr
080 ## - Індекс Універсальної десяткової класифікації
Індекс Універсальної десяткової класифікації (УДК) (НП) 82.09(477)
020 ## - Міжнародний стандартний книжковий номер (ISBN)
Міжнародний стандартний книжковий номер (ISBN) (НП) 966-512-176-6
044 ## - Код країни видавця/ виробника
Код країни видавця/ виробника (П) UA
245 ## - Відомості про назву
Назва (НП) Наш перворозум Григорій Сковорода на портреті і в житті
Решта назви (НП) Фотокнига
Дані про відповідальність (НП) Упор. В.СтадниченкоУпор. М.Шудря
260 ## - Публікація, розповсюдження і т.п. (Вихідні дані)
Місце публікації, розповсюдження і т.п. (П) К.
Ім’я/ наймення видавництва, розповсюджувача і т.п. (П) Спалах
Дата публікації, розповсюдження і т.п. (П) 2004
300 ## - Фізичний опис
Обсяг 179 с.
Інші фізичні характеристики (НП) Ілюстрації
650 #7 - Додаткове предметне введення – тематичний термін
Джерело заголовка чи терміна UDC
942 ## - Додаткові елементи входу (Коха)
Тип елемента Koha Книги
955 ## - Код типу видання за змістом
Код типу видання за змістом (НП) інше
Фонди
Стан вилучень Стан втрат Джерело класифікації або схеми стелажів Стан уражень Не для кредиту Постійне місце розташування Поточне розміщення Дата придбання Інвентарний номер Усього замовленно Повний номер виклику Штрих-код Дата останнього перегляду Ціна ефективна від Тип елемента Koha Джерело придбання Вартість, звичайна ціна покупки
    Universal Decimal Classification     АБ - Абонемент НБ АБ - Абонемент НБ 08/04/2005 84376   82.09(477) Н37 84376 11/02/2022 08/04/2005 Книги    
    Universal Decimal Classification     АБ - Абонемент НБ АБ - Абонемент НБ 08/04/2005 84377   82.09(477) Н37 84377 11/02/2022 08/04/2005 Книги    
    Universal Decimal Classification     АБ - Абонемент НБ АБ - Абонемент НБ 26/01/2006 94353   82.09(477) Н37 94353 11/02/2022 08/04/2005 Книги 9/2006 52.88
    Universal Decimal Classification     АБ - Абонемент НБ АБ - Абонемент НБ 26/01/2006 94354   82.09(477) Н37 94354 11/02/2022 08/04/2005 Книги 9/2006 52.88
    Universal Decimal Classification     АБ - Абонемент НБ АБ - Абонемент НБ 26/01/2006 94355   82.09(477) Н37 94355 11/02/2022 08/04/2005 Книги 9/2006 52.88
    Universal Decimal Classification     ЧЗ - Читальна зала ЧЗ - Читальна зала 26/01/2006 94376   82.09(477) Н37 94376 09/02/2022 08/04/2005 Книги 9/2006 52.88
    Universal Decimal Classification     ЧЗ - Читальна зала ЧЗ - Читальна зала 26/01/2006 94377   82.09(477) Н37 94377 09/02/2022 08/04/2005 Книги 9/2006 52.88
    Universal Decimal Classification     ЧЗ - Читальна зала ЧЗ - Читальна зала 26/01/2006 94378   82.09(477) Н37 94378 09/02/2022 08/04/2005 Книги 9/2006 52.88
    Universal Decimal Classification     ЧЗ - Читальна зала ЧЗ - Читальна зала 26/01/2006 94379   82.09(477) Н37 94379 09/02/2022 08/04/2005 Книги 9/2006 52.88